[Event "2nd EUR-ch (w)"]
[Site "Warsaw POL"]
[Date "2001.04.26"]
[Round "5.17"]
[White "Cosma, Elena-Luminita"]
[Black "Galliamova, Alisa"]
[Result "1/2-1/2"]
[WhiteElo "2331"]
[BlackElo "2554"]
[EventDate "2001.04.21"]
[PlyCount "164"]

1.d4 Nf6 2.Nf3 b5 3.g3 Bb7 4.Bg2 e6 5.O-O Be7 6.Bg5 d5 7.a4 b4 8.Ne5 a5 9.
c4 bxc3 10.bxc3 O-O 11.c4 h6 12.Bxf6 Bxf6 13.Nc3 c6 14.Qb3 Ba6 15.cxd5 
exd5 16.Rfd1 Ra7 17.Qa3 Rb7 18.Rac1 Be7 19.Qa1 Bd6 20.Nd3 Qf6 21.e4 Qxd4 
22.Ne1 Qf6 23.exd5 Be5 24.dxc6 Rb3 25.Ne4 Bxa1 26.Nxf6+ Bxf6 27.c7 Rc3 28.
Rxc3 Bxc3 29.cxb8=Q Rxb8 30.Be4 g6 31.Nf3 Rb4 32.Bc6 Rb2 33.Kg2 Bb4 34.Rc1
Ba3 35.Rc3 Be7 36.h4 Bd8 37.Be4 Bb6 38.Rc2 Rxc2 39.Bxc2 Kf8 40.Ne5 Bc7 41.
Ng4 h5 42.Ne3 Kg7 43.Kf3 f6 44.Be4 g5 45.Nf5+ Kf8 46.g4 hxg4+ 47.Kxg4 gxh4
48.Kxh4 Bc4 49.Kh5 Kf7 50.Ne3 Be2+ 51.f3 Be5 52.Bd5+ Ke7 53.Kg4 Ba6 54.f4 
Bc7 55.Nc4 Bc8+ 56.Kf3 Bd7 57.Ke4 Bd8 58.Nb2 Kd6 59.Bb3 f5+ 60.Kd4 Bb6+ 
61.Kc3 Bf2 62.Nd3 Bg3 63.Kd4 Bc8 64.Bd1 Bh2 65.Bb3 Bg1+ 66.Kc3 Be3 67.Bc4 
Bb7 68.Bb3 Bd5 69.Bc4 Bg2 70.Bb3 Be4 71.Bc4 Bd5 72.Bb5 Bg1 73.Bc4 Bh2 74.
Bb5 Bg3 75.Bc4 Bh4 76.Bb5 Bf6+ 77.Kd2 Bd4 78.Ne1 Bb2 79.Nd3 Ba1 80.Nc1 Bd4
81.Ne2 Bf6 82.Ng3 Be4 1/2-1/2

[Event "2nd EUR-ch (w)"]
[Site "Warsaw POL"]
[Date "2001.04.26"]
[Round "5.19"]
[White "Kachiani-Gersinska, Ketino"]
[Black "Khukhashvili, Sopiko"]
[Result "1-0"]
[WhiteElo "2456"]
[BlackElo "2326"]
[EventDate "2001.04.21"]
[PlyCount "93"]

1.d4 e6 2.c4 Nf6 3.g3 c5 4.d5 exd5 5.cxd5 d6 6.Nc3 g6 7.Bg2 Bg7 8.Nf3 O-O 
9.O-O a6 10.a4 b6 11.Bf4 Qc7 12.e4 Nh5 13.Be3 Nd7 14.Rc1 Re8 15.Re1 Rb8 
16.h3 Nhf6 17.Bf4 Bf8 18.b4 Nh5 19.Bd2 Qa7 20.Rb1 Bb7 21.a5 bxa5 22.bxc5 
Qxc5 23.Na4 Qc7 24.Rc1 Qd8 25.Bg5 f6 26.Bd2 Ng7 27.Nd4 Rc8 28.Nc6 Bxc6 29.
dxc6 Nc5 30.Nxc5 dxc5 31.e5 fxe5 32.Qb3+ Kh8 33.Bc3 Qc7 34.Qb7 Bd6 35.Rcd1
Nf5 36.Rxd6 Nxd6 37.Rxe5 Kg8 38.Rxe8+ Nxe8 39.Bd5+ Kf8 40.Bxa5 Qg7 41.Qxc8
Qa1+ 42.Kg2 Qxa5 43.Qe6 Qc7 44.Qg8+ Ke7 45.Qxh7+ Kf6 46.Qd7 Qd6 47.Bf7 1-0

[Event "2nd EUR-ch (w)"]
[Site "Warsaw POL"]
[Date "2001.04.26"]
[Round "5.20"]
[White "Vasylevich, Tatiana"]
[Black "Lopatskaya, Elena"]
[Result "1-0"]
[WhiteElo "2438"]
[BlackElo "2323"]
[EventDate "2001.04.21"]
[PlyCount "53"]

1.d4 d6 2.Nf3 Nd7 3.e4 e5 4.Bc4 c6 5.dxe5 dxe5 6.Ng5 Nh6 7.O-O Qf6 8.f4 
Bc5+ 9.Kh1 O-O 10.f5 b5 11.Bd3 Nb6 12.Qh5 Re8 13.Ne6 g6 14.fxg6 Qxe6 15.
gxh7+ Kh8 16.Bxh6 Qg6 17.Be2 Qxh5 18.Bxh5 Kxh7 19.Bxf7 Rd8 20.Bg5 Rf8 21.
Nd2 Rxf7 22.Rxf7+ Kg6 23.Raf1 Kxg5 24.Nf3+ Kh6 25.Nxe5 Bd4 26.R1f6+ Kh5 
27.g4+ 1-0

[Event "2nd EUR-ch (w)"]
[Site "Warsaw POL"]
[Date "2001.04.26"]
[Round "5.22"]
[White "Medic, Mirjana"]
[Black "Peng Zhaoqin"]
[Result "1/2-1/2"]
[WhiteElo "2274"]
[BlackElo "2391"]
[EventDate "2001.04.21"]
[PlyCount "81"]

1.d4 d5 2.c4 e6 3.Nc3 c5 4.cxd5 exd5 5.Nf3 Nc6 6.g3 Bg4 7.Bg2 Bxf3 8.Bxf3 
cxd4 9.Nxd5 Nge7 10.Nf4 g6 11.O-O Bg7 12.e3 O-O 13.exd4 Qxd4 14.Qxd4 Nxd4 
15.Bxb7 Rab8 16.Be4 f5 17.Bd3 Rfc8 18.Rb1 Nec6 19.Bc4+ Kh8 20.Be3 Ne5 21.
Bd5 Ng4 22.Bxd4 Bxd4 23.Bb3 Re8 24.Kg2 g5 25.Ne6 Nxf2 26.Rxf2 Bxf2 27.Kxf2
Rxb3 28.axb3 Rxe6 29.Ra1 Re7 30.h4 Kg7 31.Ra6 Rb7 32.hxg5 Rxb3 33.Rxa7+ 
Kg6 34.Kg2 Rxb2+ 35.Kf3 Rb3+ 36.Kf4 Rb4+ 37.Kf3 Rg4 38.Rb7 Rxg5 39.Rb6+ 
Kh5 40.Rf6 h6 41.Kf2 1/2-1/2

[Event "2nd EUR-ch (w)"]
[Site "Warsaw POL"]
[Date "2001.04.26"]
[Round "5.24"]
[White "Zayats, Elena"]
[Black "Lagvilava, Genrieta"]
[Result "0-1"]
[WhiteElo "2376"]
[BlackElo "2300"]
[EventDate "2001.04.21"]
[PlyCount "64"]

1.d4 f5 2.g3 Nf6 3.Bg2 g6 4.c3 Bg7 5.Qb3 Nc6 6.Nd2 e6 7.e4 fxe4 8.Nxe4 
Nxe4 9.Bxe4 d5 10.Bg2 Na5 11.Qa4+ c6 12.Nf3 Nc4 13.Qc2 O-O 14.b3 Nd6 15.
Bf4 c5 16.dxc5 Ne4 17.O-O Bxc3 18.Rac1 Bg7 19.Be5 Bd7 20.Qb2 Bxe5 21.Qxe5 
Rf5 22.Qb2 Bb5 23.Nd4 Qf6 24.Bh3 Bxf1 25.Bxf5 gxf5 26.Kxf1 f4 27.gxf4 Rf8 
28.Ke2 Qxf4 29.Rg1+ Kf7 30.Rg2 Ke8 31.Kf1 Nd2+ 32.Ke2 Qe4+ 0-1

[Event "2nd EUR-ch (w)"]
[Site "Warsaw POL"]
[Date "2001.04.26"]
[Round "5.26"]
[White "Pahtz, Elisabeth"]
[Black "Fomina, Tatjana"]
[Result "1-0"]
[WhiteElo "2358"]
[BlackElo "2278"]
[EventDate "2001.04.21"]
[PlyCount "79"]

1.e4 e6 2.d4 d5 3.Nc3 Bb4 4.exd5 exd5 5.Bd3 Ne7 6.Qh5 Be6 7.Ne2 Qd7 8.O-O 
Nbc6 9.Qg5 Ng6 10.f4 Be7 11.Qh5 f5 12.g4 O-O 13.g5 Nb4 14.Rf3 c5 15.Bb5 
Qc8 16.Rh3 Kf7 17.Ba4 Bd7 18.a3 Bxa4 19.axb4 Bxc2 20.Nxd5 Qd7 21.Nxe7 Qxe7
22.bxc5 Bd1 23.Be3 Bxe2 24.Qxe2 Qe6 25.Qf3 Qe4 26.Qxe4 fxe4 27.d5 Ne7 28.
d6 Nf5 29.Ra4 Rfe8 30.Kf2 a6 31.Rb4 Rab8 32.Bd2 Rec8 33.Rc3 Re8 34.Be3 Kg6
35.Rb6 Kh5 36.Rcb3 Rec8 37.Rxb7 Rxb7 38.Rxb7 Nxe3 39.Kxe3 Rxc5 40.Kxe4 1-0

[Event "2nd EUR-ch (w)"]
[Site "Warsaw POL"]
[Date "2001.04.26"]
[Round "5.27"]
[White "Stiazhkina, Olga"]
[Black "Tereladze, Sopiko"]
[Result "1-0"]
[WhiteElo "2346"]
[BlackElo "2267"]
[EventDate "2001.04.21"]
[PlyCount "67"]

1.e4 c5 2.Nf3 e6 3.d3 Nc6 4.g3 g6 5.Bg2 Bg7 6.O-O Nge7 7.Re1 O-O 8.h4 d6 
9.h5 e5 10.h6 Bh8 11.Be3 b6 12.c4 Rb8 13.Nc3 f5 14.Qd2 Nd4 15.Ng5 Bf6 16.
f4 Kh8 17.Rf1 Bd7 18.Rae1 a6 19.Nd5 Nxd5 20.exd5 Bxg5 21.fxg5 a5 22.b3 b5 
23.Bxd4 cxd4 24.c5 Re8 25.cxd6 b4 26.Rxe5 Rxe5 27.Qf4 Qe8 28.Qxd4 Kg8 29.
Kh2 Qf8 30.Qxe5 Re8 31.Qd4 Re2 32.Rc1 f4 33.gxf4 Rxa2 34.Re1 1-0

[Event "2nd EUR-ch (w)"]
[Site "Warsaw POL"]
[Date "2001.04.26"]
[Round "5.29"]
[White "Petrenko, Svetlana"]
[Black "Khasanova, Elmira"]
[Result "1/2-1/2"]
[WhiteElo "2336"]
[BlackElo "2249"]
[EventDate "2001.04.21"]
[PlyCount "80"]

1.e4 c5 2.Nf3 e6 3.d4 cxd4 4.Nxd4 Nf6 5.Nc3 Nc6 6.Ndb5 Bb4 7.a3 Bxc3+ 8.
Nxc3 d5 9.exd5 exd5 10.Bd3 O-O 11.O-O d4 12.Ne2 Re8 13.Bg5 Re5 14.Bf4 Rd5 
15.Qd2 Bf5 16.Bxf5 Rxf5 17.Ng3 Rd5 18.Rad1 h6 19.Qd3 Qd7 20.Rfe1 Qg4 21.
Bc1 Rad8 22.h3 Qd7 23.f4 a5 24.Re2 Re8 25.Rde1 Rxe2 26.Rxe2 b5 27.Bd2 b4 
28.axb4 axb4 29.Nh1 Qa7 30.Nf2 g6 31.b3 Rc5 32.f5 Rxf5 33.Bxh6 Qa1+ 34.Kh2
Qc3 35.Bd2 Qc5 36.Ng4 Nxg4+ 37.hxg4 Re5 38.Bf4 Re7 39.Rxe7 Qxe7 40.g5 Qe1 
1/2-1/2

[Event "2nd EUR-ch (w)"]
[Site "Warsaw POL"]
[Date "2001.04.26"]
[Round "5.30"]
[White "Tsoganova, Monika"]
[Black "Slavina, Irina"]
[Result "1/2-1/2"]
[WhiteElo "2239"]
[BlackElo "2332"]
[EventDate "2001.04.21"]
[PlyCount "52"]

1.d4 d5 2.c4 dxc4 3.Nf3 Nf6 4.e3 e6 5.Bxc4 c5 6.O-O a6 7.dxc5 Qxd1 8.Rxd1 
Bxc5 9.Be2 O-O 10.Nbd2 Rd8 11.b3 b6 12.Bb2 Bb7 13.Ne5 Nbd7 14.Ndc4 Bd5 15.
Nxd7 Nxd7 16.Rac1 a5 17.a3 Kf8 18.Bd3 Nf6 19.b4 axb4 20.axb4 Bxc4 21.Rxc4 
Ra4 22.bxc5 Rxc4 23.cxb6 Ra4 24.Bd4 Rdxd4 25.exd4 Rxd4 26.b7 Nd7 1/2-1/2

[Event "2nd EUR-ch (w)"]
[Site "Warsaw POL"]
[Date "2001.04.26"]
[Round "5.31"]
[White "Kosintseva, Nadezhda"]
[Black "Johansson, Victoria"]
[Result "1-0"]
[WhiteElo "2289"]
[BlackElo "2149"]
[EventDate "2001.04.21"]
[PlyCount "117"]

1.e4 c5 2.Nf3 Nc6 3.d4 cxd4 4.Nxd4 g6 5.Nc3 Bg7 6.Be3 Nf6 7.Bc4 O-O 8.Bb3 
Ng4 9.Qxg4 Nxd4 10.Qd1 Nxb3 11.axb3 a6 12.Nd5 d6 13.Bb6 Qd7 14.Bd4 Bxd4 
15.Qxd4 Qd8 16.h4 Be6 17.h5 Bxd5 18.hxg6 fxg6 19.Qxd5+ Kg7 20.O-O-O Rc8 
21.Qg5 Rf7 22.Rd3 e5 23.Qd2 Qb6 24.Rf3 Rcc7 25.Rxf7+ Rxf7 26.f3 Qc5 27.Kb1
Rc7 28.c3 a5 29.Qh6+ Kg8 30.Rd1 Rf7 31.Qh3 Re7 32.Qh4 Qc7 33.Qf6 Rd7 34.
Rd5 b6 35.c4 Qd8 36.Qe6+ Kf8 37.Rb5 Rf7 38.Qd5 Qc7 39.Qa8+ Kg7 40.Qa6 Qe7 
41.Qxb6 h5 42.Rd5 Rf6 43.Rxa5 Kh6 44.Ra7 Qf8 45.Ra6 Kg5 46.Qe3+ Kh4 47.Kc2
Re6 48.Ra1 Qf4 49.Qf2+ Kg5 50.g3 Qf8 51.Qe3+ Kf6 52.Ra7 Re7 53.Rxe7 Qxe7 
54.Qh6 Qd8 55.g4 Qb6 56.gxh5 Qf2+ 57.Qd2 Qxd2+ 58.Kxd2 gxh5 59.Ke3 1-0

[Event "2nd EUR-ch (w)"]
[Site "Warsaw POL"]
[Date "2001.04.26"]
[Round "5.32"]
[White "Matveeva, Svetlana"]
[Black "Lomakina, Galia"]
[Result "1-0"]
[WhiteElo "2430"]
[BlackElo "2134"]
[EventDate "2001.04.21"]
[PlyCount "81"]

1.d4 Nf6 2.c4 c5 3.d5 e5 4.Nc3 d6 5.g3 Be7 6.Bg2 O-O 7.Nf3 Na6 8.O-O Nc7 
9.Ne1 a6 10.a4 Rb8 11.a5 b5 12.axb6 Rxb6 13.Nd3 Bd7 14.e4 Qc8 15.f4 Bg4 
16.Qc2 exf4 17.gxf4 Bh3 18.e5 Nfe8 19.Ne4 g6 20.Bxh3 Qxh3 21.Ra3 Qg4+ 22.
Ng3 Ng7 23.Nf2 Qc8 24.Nfe4 Nce8 25.Bd2 Nf5 26.Nxf5 Qxf5 27.Ba5 Rb8 28.Bc3 
Qc8 29.f5 dxe5 30.Bxe5 Rb6 31.Rg3 Qd7 32.Qg2 Bf6 33.Nxf6+ Nxf6 34.Qh3 Qe8 
35.Bc3 Qe2 36.fxg6 fxg6 37.Rgf3 Qe7 38.Qh4 Kg7 39.Re1 Qd7 40.Rfe3 Rf7 41.
Re6 1-0

[Event "2nd EUR-ch (w)"]
[Site "Warsaw POL"]
[Date "2001.04.26"]
[Round "5.34"]
[White "Iwaniuk, Dorota"]
[Black "Ovod, Evgenia"]
[Result "0-1"]
[WhiteElo "2266"]
[BlackElo "2383"]
[EventDate "2001.04.21"]
[PlyCount "92"]

1.e4 c5 2.Nf3 d6 3.d4 cxd4 4.Nxd4 Nf6 5.Nc3 g6 6.Be3 Bg7 7.f3 Nc6 8.Qd2 
Bd7 9.g4 h5 10.g5 Nh7 11.Rg1 Ne5 12.O-O-O O-O 13.Be2 Rc8 14.f4 Ng4 15.f5 
Nxe3 16.Qxe3 Rc5 17.Nd5 e6 18.Nb3 exd5 19.Nxc5 dxc5 20.Rxd5 Bd4 21.Qb3 Qb6
22.Qxb6 axb6 23.Rf1 Bc6 24.fxg6 fxg6 25.Rxf8+ Nxf8 26.Rd6 Kf7 27.c3 Ke7 
28.e5 Bxe5 29.Rd1 Bxh2 30.Rf1 Be4 31.Bxh5 gxh5 32.Re1 Bf4+ 33.Kd1 Bxg5 34.
Rxe4+ Ne6 35.Ke2 Kf6 36.Kf3 Kf5 37.Re1 h4 38.Rd1 Bf4 39.b4 Ng5+ 40.Kf2 Kg4
41.a4 Ne4+ 42.Kg1 Nxc3 43.Rd7 cxb4 44.Rd3 h3 45.a5 bxa5 46.Kh1 a4 0-1

[Event "2nd EUR-ch (w)"]
[Site "Warsaw POL"]
[Date "2001.04.26"]
[Round "5.37"]
[White "Sikorova, Olga"]
[Black "Grabics, Monika"]
[Result "1-0"]
[WhiteElo "2236"]
[BlackElo "2354"]
[EventDate "2001.04.21"]
[PlyCount "109"]

1.f4 c5 2.Nf3 d5 3.e3 Nc6 4.Bb5 Bd7 5.Bxc6 Bxc6 6.d3 Nf6 7.O-O e6 8.b3 Qc7
9.Ne5 h5 10.Bb2 O-O-O 11.Nd2 Bd6 12.h3 Ne8 13.Nxc6 Qxc6 14.Qf3 f6 15.e4 d4
16.f5 Kb8 17.fxe6 g5 18.e5 Bxe5 19.Qxc6 bxc6 20.Ne4 g4 21.hxg4 hxg4 22.
Nxc5 Bg3 23.Nd7+ Kc8 24.Bxd4 Rh6 25.Be3 Rh5 26.Bf4 Bxf4 27.Rxf4 g3 28.Re1 
f5 29.Re5 Rh6 30.Rfxf5 Ng7 31.Rf6 Rhh8 32.Rf7 Ne8 33.Nc5 Rd4 34.Ne4 a6 35.
e7 Kd7 36.Rf8 Rh6 37.Rg8 Rd5 38.Rxd5+ cxd5 39.Nc5+ Kxe7 40.Rxg3 Nc7 41.
Rg7+ Kd6 42.Nb7+ Kc6 43.Nd8+ Kb6 44.g4 Rd6 45.Nf7 Rc6 46.c4 dxc4 47.bxc4 
Re6 48.Kf2 Kc5 49.Nd8 Rf6+ 50.Kg3 Ne8 51.Re7 Nd6 52.Re6 Rf8 53.d4+ Kxd4 
54.Rxd6+ Kxc4 55.Ne6 1-0

[Event "2nd EUR-ch (w)"]
[Site "Warsaw POL"]
[Date "2001.04.26"]
[Round "5.38"]
[White "Socko, Monika"]
[Black "Khmiadashvili, Tamara"]
[Result "1-0"]
[WhiteElo "2351"]
[BlackElo "2241"]
[EventDate "2001.04.21"]
[PlyCount "183"]

1.d4 d6 2.Nf3 c6 3.c4 Bg4 4.Nc3 Nd7 5.e4 e5 6.d5 c5 7.Be2 Be7 8.Ng1 Bxe2 
9.Ngxe2 Ngf6 10.Ng3 g6 11.Be3 h5 12.f3 Nh7 13.Qd2 h4 14.Nge2 a6 15.Rf1 Bg5
16.g3 Bxe3 17.Qxe3 Qa5 18.f4 b5 19.Qd3 bxc4 20.Qd2 Rb8 21.f5 g5 22.O-O-O 
Qb6 23.Rf2 Nhf6 24.Ng1 hxg3 25.hxg3 g4 26.Kb1 Ke7 27.Nge2 Rh3 28.Rg2 Qd8 
29.Re1 Qh8 30.Nc1 Qh6 31.Qc2 Nb6 32.a3 Qg5 33.Nd1 Qh6 34.Na2 Rh1 35.Ree2 
Rh8 36.Nc3 Qf8 37.Ka2 Qb8 38.Ne3 R1h3 39.Re1 Rg8 40.Qe2 Qb7 41.Nxc4 Nxc4 
42.Qxc4 Rb8 43.Rb1 a5 44.Ka1 Qb3 45.Qa6 Qb6 46.Qc4 Rb7 47.Ka2 Rb8 48.b3 
Qb7 49.Rf1 Rbh8 50.Na4 Rh2 51.Rff2 Rxg2 52.Rxg2 Rh1 53.Nxc5 dxc5 54.Qxc5+ 
Ke8 55.Qd6 Qe7 56.Qb8+ Qd8 57.Qxe5+ Kf8 58.Re2 Rd1 59.Qc3 a4 60.bxa4 Qb6 
61.Qb4+ Qxb4 62.axb4 Ke7 63.d6+ Kd7 64.Kb3 Rd3+ 65.Kc4 Rxg3 66.e5 Ne8 67.
Rb2 Re3 68.Kd5 g3 69.a5 Ra3 70.e6+ fxe6+ 71.fxe6+ Kd8 72.Kc6 Rc3+ 73.Kb6 
g2 74.Rxg2 Nxd6 75.a6 Nc8+ 76.Kb5 Na7+ 77.Ka4 Rc6 78.Rg8+ Kc7 79.e7 Rxa6+ 
80.Kb3 Re6 81.e8=Q Rxe8 82.Rxe8 Nb5 83.Ka4 Nd6 84.Rh8 Kb7 85.Rh6 Nf5 86.
Rf6 Nd4 87.Rf4 Nc6 88.Kb5 Na7+ 89.Kc5 Nc8 90.Rf7+ Kb8 91.b5 Ka8 92.b6 1-0

[Event "2nd EUR-ch (w)"]
[Site "Warsaw POL"]
[Date "2001.04.26"]
[Round "5.39"]
[White "Bosboom-Lanchava, Tea"]
[Black "Sasu-Ducsoara, Andreea"]
[Result "1-0"]
[WhiteElo "2351"]
[BlackElo "2240"]
[EventDate "2001.04.21"]
[PlyCount "83"]

1.d4 d6 2.c4 e5 3.h4 Be7 4.Nf3 exd4 5.Qxd4 Nf6 6.e4 Nc6 7.Qd3 Bg4 8.Be2 
Nd7 9.h5 h6 10.Nc3 Nc5 11.Qc2 Bxf3 12.gxf3 Bg5 13.Be3 Ne6 14.O-O-O Qd7 15.
Kb1 O-O-O 16.Nd5 Bxe3 17.fxe3 Ne7 18.Rhg1 c6 19.Nc3 Qc7 20.f4 Kb8 21.Bg4 
Nf8 22.Qd3 Nh7 23.Bh3 g6 24.Qd4 Rhg8 25.c5 dxc5 26.Qxc5 Nf6 27.hxg6 Nxg6 
28.e5 Nd5 29.Nxd5 cxd5 30.Rxd5 Rxd5 31.Qxd5 Rd8 32.Qe4 Qb6 33.Rc1 Ne7 34.
Qc4 a5 35.Qxf7 Nd5 36.e4 Nc3+ 37.Rxc3 Rd1+ 38.Kc2 Rh1 39.Qg8+ Ka7 40.Qg3 
Qd4 41.Qe3 Rh2+ 42.Kb3 1-0

[Event "2nd EUR-ch (w)"]
[Site "Warsaw POL"]
[Date "2001.04.26"]
[Round "5.40"]
[White "Moshina, Cristina"]
[Black "Demina, Yulia"]
[Result "1/2-1/2"]
[WhiteElo "2235"]
[BlackElo "2350"]
[EventDate "2001.04.21"]
[PlyCount "71"]

1.e4 c5 2.Nf3 Nc6 3.d4 cxd4 4.Nxd4 Nf6 5.Nc3 d6 6.Bg5 e6 7.Qd2 Qb6 8.Bxf6 
gxf6 9.Nb3 a6 10.O-O-O Qc7 11.f4 h5 12.Kb1 h4 13.Bd3 Bd7 14.Rhf1 O-O-O 15.
Rf3 Be7 16.Rh3 Rdg8 17.Qf2 b5 18.Rxh4 Rxh4 19.Qxh4 Rxg2 20.Qh7 Kb7 21.Qxf7
Rxh2 22.f5 Qd8 23.fxe6 Ne5 24.Qg7 Bxe6 25.Nd4 Bg4 26.Be2 Qf8 27.Qxf8 Bxf8 
28.Bxg4 Nxg4 29.a3 Ne3 30.Rd3 Bh6 31.Nf5 Nxf5 32.exf5 Rf2 33.Ne4 Rf1+ 34.
Ka2 Bf8 35.Nxf6 Rxf5 36.Nd5 1/2-1/2

[Event "2nd EUR-ch (w)"]
[Site "Warsaw POL"]
[Date "2001.04.26"]
[Round "5.41"]
[White "Pokorna, Regina"]
[Black "Burvenich, Silvia"]
[Result "1-0"]
[WhiteElo "2376"]
[BlackElo "2224"]
[EventDate "2001.04.21"]
[PlyCount "65"]

1.e4 c5 2.Nf3 Nc6 3.d4 cxd4 4.Nxd4 g6 5.Nc3 Bg7 6.Be3 Nf6 7.Bc4 Qa5 8.O-O 
O-O 9.Bb3 d6 10.h3 Bd7 11.Qd3 Nxd4 12.Bxd4 Bc6 13.Rfe1 e6 14.Rad1 Rfd8 15.
Re2 Qh5 16.f4 d5 17.e5 Ne4 18.Nxe4 dxe4 19.Qe3 g5 20.fxg5 Bxe5 21.Bxe5 
Rxd1+ 22.Kh2 Rad8 23.Bf6 R8d7 24.Rf2 a6 25.Qf4 Rd8 26.Bc3 e3 27.Qxe3 Qh4 
28.Rxf7 Qe4 29.Rg7+ Kf8 30.Qf2+ Qf5 31.Qxf5+ exf5 32.Rg8+ Ke7 33.Bf6+ 1-0

[Event "2nd EUR-ch (w)"]
[Site "Warsaw POL"]
[Date "2001.04.26"]
[Round "5.42"]
[White "Voiska, Margarita"]
[Black "Ciuksyte, Dagne"]
[Result "0-1"]
[WhiteElo "2320"]
[BlackElo "2217"]
[EventDate "2001.04.21"]
[PlyCount "100"]

1.c4 e5 2.Nc3 Nf6 3.Nf3 d6 4.g3 g6 5.Bg2 Bg7 6.O-O O-O 7.d4 exd4 8.Nxd4 
Nbd7 9.e4 Re8 10.h3 Nc5 11.Re1 Bd7 12.Rb1 a5 13.b3 Qc8 14.Kh2 Re5 15.f4 
Rh5 16.f5 gxf5 17.Nd5 Nxd5 18.exd5 f4 19.Qxh5 fxg3+ 20.Kxg3 Bxd4 21.Bb2 
Bxb2 22.Rxb2 Bf5 23.Qg5+ Bg6 24.Rd2 Qf8 25.Kh2 f6 26.Qh4 Nd7 27.Rf2 Kg7 
28.Re6 Re8 29.Be4 Qf7 30.Rxe8 Qxe8 31.Bf5 Qe5+ 32.Qg3 Nc5 33.Qxe5 dxe5 34.
Kg3 b6 35.Bc2 Bxc2 36.Rxc2 f5 37.Kf3 Kf6 38.Rd2 Ne4 39.Rd1 Nd6 40.Rc1 Ne4 
41.h4 h6 42.Rg1 a4 43.Rg8 axb3 44.axb3 Nd2+ 45.Ke2 Nxb3 46.Rc8 f4 47.Rxc7 
e4 48.d6 Nd4+ 49.Kf1 e3 50.Re7 Nf5 0-1

[Event "2nd EUR-ch (w)"]
[Site "Warsaw POL"]
[Date "2001.04.26"]
[Round "5.43"]
[White "Grosar, Kiti"]
[Black "Calzetta Ruiz, Monica"]
[Result "1/2-1/2"]
[WhiteElo "2244"]
[BlackElo "2310"]
[EventDate "2001.04.21"]
[PlyCount "195"]

1.e4 c5 2.Nf3 Nc6 3.d4 cxd4 4.Nxd4 g6 5.Nc3 Bg7 6.Be3 Nf6 7.Be2 O-O 8.f4 
d5 9.e5 Ne8 10.Bf3 Nc7 11.Nb3 e6 12.Qd2 f6 13.exf6 Qxf6 14.O-O Kh8 15.Bc5 
Rf7 16.Be2 b6 17.Bf2 Bb7 18.Rad1 Raf8 19.Be3 Ne8 20.Nd4 Nd6 21.Nxc6 Bxc6 
22.g4 Nc4 23.Bxc4 dxc4 24.Qd6 Ba8 25.Bd4 Qh4 26.Bxg7+ Kxg7 27.Qe5+ Rf6 28.
Rd7+ Kg8 29.Qe2 g5 30.f5 h5 31.Qxc4 Qh3 32.Rf2 Qxg4+ 33.Qxg4 hxg4 34.Rxa7 
exf5 35.Re2 f4 36.Ree7 Rh6 37.Rg7+ Kh8 38.Rxg5 g3 39.hxg3 fxg3 40.Nd5 b5 
41.a4 Rd8 42.Rxa8 Rxa8 43.axb5 Rh2 44.Rxg3 Rxc2 45.Rg2 Rxg2+ 46.Kxg2 Ra2 
47.b6 Rxb2+ 48.Kf3 Kg7 49.Ke4 Kf7 50.Ke5 Ke8 51.Kd6 Kd8 52.Kc6 Kc8 53.Kc5 
Kb7 54.Nb4 Rb1 55.Nd5 Rh1 56.Kb5 Rc1 57.Nb4 Rd1 58.Kc5 Rh1 59.Nd5 Rh6 60.
Kb5 Rc6 61.Kb4 Ka6 62.Kb3 Rc5 63.Nc3 Rh5 64.Na4 Rh4 65.Nc5+ Kxb6 66.Nd3 
Kc6 67.Kc3 Kd5 68.Nb4+ Kc5 69.Nd3+ Kb5 70.Ne5 Re4 71.Nd3 Rc4+ 72.Kd2 Rc8 
73.Ke3 Kc4 74.Ne5+ Kd5 75.Nf3 Rf8 76.Nd2 Re8+ 77.Kd3 Rf8 78.Ke3 Re8+ 79.
Kd3 Re1 80.Nf3 Ra1 81.Ke3 Ra4 82.Nd2 Ra3+ 83.Kf4 Rc3 84.Nf3 Rd3 85.Ne5 
Rd4+ 86.Kf5 Ra4 87.Ng6 Ra5 88.Nf4+ Kd4+ 89.Kf6 Ke4 90.Ng6 Rb5 91.Ke6 Rb6+ 
92.Kf7 Kf5 93.Ne7+ Kg5 94.Nd5 Ra6 95.Ne7 Rd6 96.Nc8 Rf6+ 97.Ke7 Ra6 98.Nd6
1/2-1/2

[Event "2nd EUR-ch (w)"]
[Site "Warsaw POL"]
[Date "2001.04.26"]
[Round "5.44"]
[White "Javakhishvili, Lela"]
[Black "Schuurman, Petra"]
[Result "1/2-1/2"]
[WhiteElo "2305"]
[BlackElo "2193"]
[EventDate "2001.04.21"]
[PlyCount "82"]

1.d4 Nf6 2.c4 c5 3.d5 b5 4.cxb5 a6 5.bxa6 g6 6.Nc3 Bxa6 7.g3 d6 8.Bg2 Bg7 
9.Nf3 Nbd7 10.Rb1 Nb6 11.b3 Bc8 12.Nd2 Bb7 13.Nc4 Nfd7 14.Bb2 O-O 15.Nxb6 
Qxb6 16.Qd2 Ne5 17.O-O Qb4 18.Rfd1 Rfb8 19.h3 Bc8 20.f4 Nd7 21.Ba1 Ra7 22.
a4 Ba6 23.e3 Qa3 24.Bf1 Rxb3 25.Rxb3 Qxb3 26.Rb1 Bxc3 27.Qxc3 Qxc3 28.Bxc3
Bxf1 29.Kxf1 Rxa4 30.Rb7 Ra3 31.Bb2 Ra2 32.Rxd7 Rxb2 33.Rxe7 Rd2 34.e4 c4 
35.Ke1 Rd4 36.Re8+ Kg7 37.Ke2 f5 38.exf5 gxf5 39.Rc8 Kf6 40.Rc7 h6 41.Ke1 
Rxd5 1/2-1/2

[Event "2nd EUR-ch (w)"]
[Site "Warsaw POL"]
[Date "2001.04.26"]
[Round "5.45"]
[White "Mamedyarova, Zeinab"]
[Black "Kulish, Irina"]
[Result "0-1"]
[WhiteElo "2226"]
[BlackElo "2302"]
[EventDate "2001.04.21"]
[PlyCount "78"]

1.d4 Nf6 2.c4 e6 3.Nf3 d5 4.e3 Be7 5.Bd3 b6 6.O-O Bb7 7.Nc3 Nbd7 8.b3 O-O 
9.Bb2 c5 10.cxd5 exd5 11.Rc1 Re8 12.dxc5 bxc5 13.Re1 Bd6 14.Bf1 Nb6 15.g3 
Bf8 16.Bg2 a5 17.Qc2 h6 18.Red1 a4 19.h3 axb3 20.axb3 Qd7 21.Nh2 Qe6 22.
Ng4 Ne4 23.Nxe4 dxe4 24.Ne5 Ra2 25.Nc4 Nd5 26.Qb1 Ra7 27.Rd2 Nb4 28.Rcd1 
Bd5 29.Bf1 Nd3 30.Bc3 Rb7 31.Qc2 Reb8 32.Na5 Rb5 33.f3 Rxa5 34.Bxa5 Bxb3 
35.Qb1 Ra8 36.Bxd3 exd3 37.Re1 Rxa5 38.Rxd3 c4 39.Rd8 Qxh3 0-1

[Event "2nd EUR-ch (w)"]
[Site "Warsaw POL"]
[Date "2001.04.26"]
[Round "5.48"]
[White "Zakurdyaeva, Irina"]
[Black "Aginian, Nelly"]
[Result "1/2-1/2"]
[WhiteElo "2282"]
[BlackElo "2192"]
[EventDate "2001.04.21"]
[PlyCount "130"]

1.e4 e6 2.d4 d5 3.Nc3 Nf6 4.Bg5 dxe4 5.Nxe4 Be7 6.Bxf6 gxf6 7.Nf3 a6 8.c4 
f5 9.Nc3 Bf6 10.Qd2 c5 11.d5 e5 12.Qe3 e4 13.O-O-O O-O 14.Nd2 Bd4 15.Qg3+ 
Kh8 16.Nb3 Rg8 17.Qf4 Bf6 18.h4 Nd7 19.Qxf5 Ne5 20.Qxe4 Rg4 21.Qc2 Qf8 22.
g3 b5 23.cxb5 axb5 24.Bh3 c4 25.Nd2 b4 26.Nde4 Nd3+ 27.Kb1 Rxe4 28.Nxe4 
Rxa2 29.Nxf6 b3 30.Qc3 Rxb2+ 31.Qxb2 Nxb2 32.Kxb2 Qg7 33.Kc3 Qxf6+ 34.Kxc4
Bxh3 35.Rxh3 Qa6+ 36.Kxb3 Qb7+ 37.Ka3 Qa6+ 38.Kb4 Qb7+ 39.Ka5 Qc7+ 40.Kb4 
Qb7+ 41.Ka5 Qa7+ 42.Kb5 Qd7+ 43.Kb6 Qd6+ 44.Kb5 Qd7+ 45.Kc5 Qxh3 46.Kd6 
Qc8 47.Ke7 Qb7+ 48.Kf8 Qd7 49.d6 h6 50.f3 Kh7 51.h5 Kh8 52.g4 Kh7 53.Rd2 
f6 54.f4 Kh8 55.f5 Kh7 56.Re2 Qd8+ 57.Re8 Qxd6+ 58.Re7+ Kh8 59.Kf7 Kh7 60.
Re6 Qd8 61.Re8 Qd4 62.Re7 Qxg4 63.Kxf6+ Kh8 64.Re8+ Kh7 65.Re7+ Kh8 
1/2-1/2

[Event "2nd EUR-ch (w)"]
[Site "Warsaw POL"]
[Date "2001.04.26"]
[Round "5.49"]
[White "Ismailova, Parvana"]
[Black "Lomineishvili, Maia"]
[Result "0-1"]
[WhiteElo "2140"]
[BlackElo "2437"]
[EventDate "2001.04.21"]
[PlyCount "62"]

1.d4 Nf6 2.c4 e6 3.Nf3 d5 4.Bg5 Bb4+ 5.Nc3 h6 6.Bh4 Nbd7 7.e3 c5 8.Bd3 Qa5
9.Qb3 b5 10.cxb5 c4 11.Bxc4 dxc4 12.Qxc4 Bb7 13.a3 Bxc3+ 14.bxc3 Nd5 15.
O-O Rc8 16.Qd3 Qxc3 17.Qd1 O-O 18.Qa4 N5b6 19.Qb4 Bxf3 20.gxf3 e5 21.Qxc3 
Rxc3 22.Rfd1 exd4 23.Rxd4 Nc5 24.Rg4 Kh7 25.a4 f5 26.Rb4 Nd5 27.Rbb1 Rc4 
28.Rd1 Nc3 29.Rd8 Rxd8 30.Bxd8 Rxa4 31.Rxa4 N5xa4 0-1

[Event "2nd EUR-ch (w)"]
[Site "Warsaw POL"]
[Date "2001.04.26"]
[Round "5.50"]
[White "Gvetadze, Sopio"]
[Black "Alexandrova, Olga"]
[Result "1/2-1/2"]
[WhiteElo "2208"]
[BlackElo "2419"]
[EventDate "2001.04.21"]
[PlyCount "66"]

1.e4 c5 2.Nf3 e6 3.c4 Nc6 4.Nc3 Nd4 5.Nxd4 cxd4 6.Ne2 Qb6 7.d3 Bb4+ 8.Bd2 
Ne7 9.g3 O-O 10.Bg2 d6 11.O-O Bxd2 12.Qxd2 Bd7 13.b4 e5 14.Kh1 a5 15.a3 
axb4 16.axb4 Nc6 17.b5 Na5 18.Rab1 Qc5 19.f4 b6 20.h3 Nb7 21.g4 f6 22.Ng3 
g6 23.Rf3 exf4 24.Rxf4 Qe5 25.Rbf1 Nc5 26.Ne2 Ra3 27.Nc1 Kg7 28.R4f2 h6 
29.Rf3 Bc8 30.Qb2 Ra7 31.Ne2 Ne6 32.Ra1 Rff7 33.Rff1 h5 1/2-1/2

[Event "2nd EUR-ch (w)"]
[Site "Warsaw POL"]
[Date "2001.04.26"]
[Round "5.51"]
[White "Kharashkina, Bairta"]
[Black "Agababean, Naira"]
[Result "1-0"]
[WhiteElo "2173"]
[BlackElo "2362"]
[EventDate "2001.04.21"]
[PlyCount "61"]

1.e4 g6 2.d4 Bg7 3.Nf3 d6 4.Nc3 c6 5.a4 Bg4 6.Be3 e6 7.Be2 Bxf3 8.Bxf3 Ne7
9.O-O O-O 10.Qd2 d5 11.Rad1 Nd7 12.Rfe1 Re8 13.Bg5 Nf6 14.Qf4 dxe4 15.Bxf6
Bxf6 16.Qxf6 exf3 17.Qxf3 Kg7 18.Ne4 Nf5 19.Qc3 Qd5 20.Qf3 h5 21.h3 Qd8 
22.Qf4 Qh4 23.Qe5+ f6 24.Qh2 Ne3 25.Rxe3 f5 26.Qe5+ Kh6 27.Nd6 Re7 28.f4 
Rd8 29.c4 Red7 30.c5 b6 31.Rf1 1-0